000 00642nam a2200253Ia 4500
003 OSt
005 20221005131401.0
006 a|||||r|||| 00| 0
007 ta
008 221004b |||||||| |||| 00| 0 kan d
024 _a60815
037 _cTextual
040 _aCRL
_cCRL
_bkan
041 _2kan
_akan
082 _aO33,3N04w,1, M1.2
100 _aKaranth K. S. Au.
_9639540
245 0 _aSmriti pataladinda
260 _c1981
490 _vVol. 2
650 _a KANNAD LITERATURE
650 _aKANNAD FICTION
942 _hO33,3N04w,1, M1.2
_cTEXL
_2cc
999 _c1060185
_d1060185